| Tag |
First Indicator |
Second Indicator |
Subfields |
| LEADER |
00000cam a22000001 4500 |
| 001 |
in00000200325 |
| 005 |
20151009055458.0 |
| 008 |
730522s1947 nyu 00010 eng |
| 010 |
|
|
|a 47011924
|
| 035 |
|
|
|a (OCoLC)00318587
|
| 035 |
|
|
|9 AAX0971AM
|
| 040 |
|
|
|a DLC
|c DLC
|d m.c.
|d TXA
|d UtOrBLW
|
| 049 |
|
|
|a TXAM
|c 1 [905307], 2 [149534]
|
| 050 |
0 |
0 |
|a PE1591
|b .F5 1947
|
| 100 |
1 |
|
|a Fernald, James Champlin,
|d 1838-1918.
|
| 240 |
1 |
0 |
|a English synonyms and antonyms
|
| 245 |
1 |
0 |
|a Funk & Wagnalls standard handbook of synonyms, antonyms, and prepositions.
|
| 250 |
|
|
|a Completely rev. ed.
|b by Funk & Wagnalls editorial staff.
|
| 264 |
|
1 |
|a New York :
|b Funk & Wagnalls Co.,
|c 1947.
|
| 300 |
|
|
|a ix, 515 pages ;
|c 22 cm.
|
| 336 |
|
|
|a text
|b txt
|2 rdacontent
|
| 337 |
|
|
|a unmediated
|b n
|2 rdamedia
|
| 338 |
|
|
|a volume
|b nc
|2 rdacarrier
|
| 536 |
|
|
|a Gift from the library of Frank and Elizabeth Coulter, December 1999.
|
| 650 |
|
0 |
|a English language
|x Synonyms and antonyms.
|
| 650 |
|
0 |
|a English language
|x Prepositions.
|
| 710 |
2 |
|
|a Funk & Wagnalls Company.
|
| 999 |
|
|
|a MARS
|
| 999 |
f |
f |
|s 584e91e0-1014-37b7-8a5d-51ca077c3613
|i 812867f0-d21f-3d78-9aa3-5d2a2a834ec7
|t 0
|
| 952 |
f |
f |
|p ric
|a Texas A&M University
|b Rellis Campus
|c Joint Library Facility
|s JLF
|d Remote Storage
|t 0
|e PE1591 .F5 1947
|h Library of Congress classification
|i unmediated -- volume
|m A14827840397
|
| 998 |
f |
f |
|a PE1591 .F5 1947
|t 0
|l Remote Storage
|